Kung Fu Panda Characters Ranked - Statistics

General Stats
  • This quiz has been taken 5 times
  • The average score is 15 of 20
Answer Stats
Hint Answer % Correct
15. Kung Fu Master Crane
100%
4. Legend General Kai
100%
2. Legend Grand Master Oogway
100%
8. Very Powerful Lord Shen
100%
13. Kung Fu Master Mantis
100%
7. Very Powerful Master Shifu
100%
12. Kung Fu Master Monkey
100%
1. Dragon Warrior Po
100%
5. Legend Tai Lung
100%
20. Master Master Chicken
80%
18. Master Master Croc
80%
3. Legend The Chameleon
80%
11. Kung Fu Master Tigress
80%
14. Kung Fu Master Viper
80%
19. Master Master Bear
60%
6. Next Dragon Warrior Zhen
60%
16. Master Master Storming Ox
40%
15. Master Master Thundering Rhino
20%
10. Very Powerful Master Yao
0%
9. Very Powerful Wandering Blade
0%
No matching quizzes found
Score Distribution
Percent of People with Each Score
Percentile by Number Answered
Your Score History
You have not taken this quiz